=LDR 00000nam 2200000 4500 =001 INLIS000000000051491 =005 20200309013532 =035 ##$$a 0010-0917000295 =007 ta =008 200309################g##########0#ind## =020 ##$$a 978-602-391-075-5 =082 ##$$a 297.116 =084 ##$$a 297.116 MIS m =100 #$$a Miski Muhammadi Mudin =245 1#$$a Manage your : $b Galau with al-qur'an /$c Miski Muhammadi Mudin; Editor, Daniel fayyad =260 ##$$a Yogyakarta :$b Diva Press,$c 2016 =300 ##$$a 172 hlm. ; $c 14 x 20 cm =250 ##$$a Cet. 1 =650 #4$$a Keutamaan Al-qur'an =520 ##$$a Bibliografi : hlm. 166 - 170 =520 ##$$a Biografi : hlm. 171 =990 ##$$a 31701573